Language Quiz

Random Language or Animal Quiz

Animals in czech Quiz Stats

 Plays Quiz not verified by Sporcle

Also try: The Only Letter V
Challenge
Share
Tweet
Embed
Score 0/25 Timer 10:00
0 Plays Today
% Correct
Tygr
96.4%
Žirafa
94%
Kočka
90.4%
Pes
88%
Ryba
85.5%
Vlk
83.1%
Lev
81.9%
Nosorožec
81.9%
Kůň
75.9%
Slon
73.5%
Kráva
69.9%
Ovce
69.9%
Koza
69.9%
% Correct
Králík
65.1%
Kachna
63.9%
Liška
62.7%
Prase
60.2%
Husa
60.2%
Osel
60.2%
Ježek
56.6%
Slepice
50.6%
Křeček
50.6%
Hroch
49.4%
Zajíc
45.8%
Krocan
43.4%

You're not logged in!

Compare scores with friends on all Sporcle quizzes.
OR
Log In

You Might Also Like...

Show Comments

Extras

Created Feb 2, 2013ReportNominate
Tags:Animal Quiz, czech

Top Quizzes Today


Score Distribution

Your Account Isn't Verified!

In order to create a playlist on Sporcle, you need to verify the email address you used during registration. Go to your Sporcle Settings to finish the process.

Report this User

Report this user for behavior that violates our Community Guidelines.

Details: